000 00339nam a2200109Ia 4500
008 171211s9999 xx 000 0 und d
245 _aGames Great Lovers Play: Mastering the Game of Love
245 _cMichael Hall
260 _c2012
650 _xSexuality
856 _uhttp://www.ebook777.com/games-great-lovers-play-mastering-game-love/
999 _c350757
_d350757